Le jargon du cyclisme 3 - Statistiques

Statistiques générales
  • Ce quiz a été pris 115 fois
  • Le résultat moyen est 8 sur 20
Statistiques - réponses
Hint Réponse % Correct
Sucer la roue Suivre de près pour être à l'abri
84%
Etre dans le dur Avoir atteint ses limites
57%
Ramasser les morts Dépasser les épuisés
56%
Faire une bordure Forcer un coureur à rouler dans le vent
56%
Donner un bidon collant Tarder à donner le bidon
56%
Ajuster un adversaire Devancer un adversaire dans les dernièrs mètres
55%
Se faire ramener Suivre ses équipiers pour remonter
53%
Etre planté Ne plus avancer
51%
Faire le métier Etre un bon équipier
38%
Mettre un coup sur la meule Accélérer fortement
36%
Flinguer Attaquer
36%
Fumer la pipe Pédaler facilement
35%
Patapon Coureur maladroit
32%
Crêpage de guidon Sprint échevelé
29%
Voltiger Bien grimper
26%
Sorcière aux dents vertes Malchance
23%
Concours de grimaces Course intense
18%
Becqueter de l'aile S'appuyer sur sa voiture en montée
12%
Déboiter Se dégager par l'arrière
12%
Faire l'avion Dominer
6%
Aucun quiz correspondant
Distribution des résultats
% des personnes avec chaque résultat
Percentile par nombre de réponses
Votre historique - résultats
Vous n’avez pas pris ce quiz